<?xml version="1.0" encoding="UTF-8"?>
<record
    xmlns:xsi="http://www.w3.org/2001/XMLSchema-instance"
    xsi:schemaLocation="http://www.loc.gov/MARC21/slim http://www.loc.gov/standards/marcxml/schema/MARC21slim.xsd"
    xmlns="http://www.loc.gov/MARC21/slim">

  <leader>01366nam a22002537a 4500</leader>
  <controlfield tag="001">3629</controlfield>
  <controlfield tag="003">FISKH</controlfield>
  <controlfield tag="005">20240401093353.0</controlfield>
  <controlfield tag="008">240401b        cb ||||| |||| 00| 0 eng d</controlfield>
  <datafield tag="020" ind1=" " ind2=" ">
    <subfield code="a">9789995001698</subfield>
  </datafield>
  <datafield tag="040" ind1=" " ind2=" ">
    <subfield code="a">FISKH</subfield>
    <subfield code="b">khr</subfield>
    <subfield code="d">FISKH</subfield>
    <subfield code="c">FISKH</subfield>
  </datafield>
  <datafield tag="050" ind1=" " ind2=" ">
    <subfield code="a">PZ7</subfield>
  </datafield>
  <datafield tag="082" ind1=" " ind2=" ">
    <subfield code="a">372.62</subfield>
  </datafield>
  <datafield tag="100" ind1=" " ind2=" ">
    <subfield code="a">Cheat, Ton </subfield>
  </datafield>
  <datafield tag="245" ind1=" " ind2=" ">
    <subfield code="a">&#x179F;&#x17C0;&#x179C;&#x1797;&#x17C5;&#x17A0;&#x17D2;&#x179C;&#x17B9;&#x1780;&#x17A0;&#x17B6;&#x178F;&#x17CB; &#x1797;&#x17B6;&#x179F;&#x17B6;&#x1781;&#x17D2;&#x1798;&#x17C2;&#x179A; &#x1790;&#x17D2;&#x1793;&#x17B6;&#x1780;&#x17CB;&#x1791;&#x17B8;&#x17E1; /</subfield>
  </datafield>
  <datafield tag="260" ind1=" " ind2=" ">
    <subfield code="a">&#x1797;&#x17D2;&#x1793;&#x17C6;&#x1796;&#x17C1;&#x1789; : </subfield>
    <subfield code="b">&#x1782;&#x17D2;&#x179A;&#x17B7;&#x17C7;&#x179F;&#x17D2;&#x1790;&#x17B6;&#x1793;&#x1794;&#x17C4;&#x17C7;&#x1796;&#x17BB;&#x1798;&#x17D2;&#x1796;&#x1793;&#x17B7;&#x1784;&#x1785;&#x17C2;&#x1780;&#x1795;&#x17D2;&#x179F;&#x17B6;&#x1799;, </subfield>
    <subfield code="c">&#x17E2;&#x17E0;&#x17E1;&#x17E7;. </subfield>
  </datafield>
  <datafield tag="300" ind1=" " ind2=" ">
    <subfield code="a">120 pages : </subfield>
    <subfield code="b">illustrations ; </subfield>
    <subfield code="c">21 cm </subfield>
  </datafield>
  <datafield tag="520" ind1=" " ind2=" ">
    <subfield code="a">&#x179F;&#x17C0;&#x179C;&#x1797;&#x17C5;&#x17A0;&#x17D2;&#x179C;&#x17B9;&#x1780;&#x17A0;&#x17B6;&#x178F;&#x17CB;&#x1793;&#x17C1;&#x17C7;&#x1787;&#x17B6;&#x1787;&#x17C6;&#x1793;&#x17BD;&#x1799;&#x178A;&#x179B;&#x17CB;&#x1780;&#x17BB;&#x1798;&#x17B6;&#x179A;&#x1793;&#x17C5;&#x1780;&#x17D2;&#x1793;&#x17BB;&#x1784;&#x1780;&#x17B6;&#x179A;&#x179A;&#x17C0;&#x1793;&#x179F;&#x179A;&#x179F;&#x17C1;&#x179A;&#x178F;&#x17BD;&#x179A;&#x17A2;&#x1780;&#x17D2;&#x179F;&#x179A;&#x17A1;&#x17BE;&#x1784;&#x179C;&#x17B7;&#x1789;&#x1780;&#x17D2;&#x179A;&#x17C4;&#x1798;&#x1780;&#x17B6;&#x179A;&#x178E;&#x17C2;&#x1793;&#x17B6;&#x17C6;&#x178A;&#x17C4;&#x1799;&#x1795;&#x17D2;&#x1791;&#x17B6;&#x179B;&#x17CB;&#x1796;&#x17B8;&#x17AA;&#x1796;&#x17BB;&#x1780;&#x1798;&#x17D2;&#x178A;&#x17B6;&#x1799; &#x17AC;&#x17A2;&#x17B6;&#x178E;&#x17B6;&#x1796;&#x17D2;&#x1799;&#x17B6;&#x1794;&#x17B6;&#x179B;&#x178A;&#x17BE;&#x1798;&#x17D2;&#x1794;&#x17B8;&#x17A2;&#x17C4;&#x1799;&#x1780;&#x17BB;&#x1798;&#x17B6;&#x179A;&#x1786;&#x17B6;&#x1794;&#x17CB;&#x1784;&#x17B6;&#x1799;&#x1785;&#x17B6;&#x1794;&#x17CB;&#x1794;&#x17B6;&#x1793;&#x17D4; </subfield>
  </datafield>
  <datafield tag="520" ind1=" " ind2=" ">
    <subfield code="a">This workbook helps children learn to rewrite letters under the direct guidance of a parent or guardian so that children can catch them easily.</subfield>
  </datafield>
  <datafield tag="650" ind1=" " ind2=" ">
    <subfield code="a">&#x179F;&#x17C0;&#x179C;&#x1797;&#x17C5;&#x17A0;&#x17D2;&#x179C;&#x17B9;&#x1780;&#x17A0;&#x17B6;&#x178F;&#x17CB; </subfield>
  </datafield>
  <datafield tag="650" ind1=" " ind2=" ">
    <subfield code="a">Practice Book  </subfield>
  </datafield>
  <datafield tag="942" ind1=" " ind2=" ">
    <subfield code="2">ddc</subfield>
    <subfield code="c">KHB</subfield>
    <subfield code="n">0</subfield>
  </datafield>
  <datafield tag="999" ind1=" " ind2=" ">
    <subfield code="c">3629</subfield>
    <subfield code="d">3629</subfield>
  </datafield>
  <datafield tag="952" ind1=" " ind2=" ">
    <subfield code="0">0</subfield>
    <subfield code="1">0</subfield>
    <subfield code="2">ddc</subfield>
    <subfield code="4">0</subfield>
    <subfield code="7">0</subfield>
    <subfield code="8">REF</subfield>
    <subfield code="a">001</subfield>
    <subfield code="b">001</subfield>
    <subfield code="c">OKHR</subfield>
    <subfield code="d">2024-04-01</subfield>
    <subfield code="l">0</subfield>
    <subfield code="o">CHE 372.62 PZ7 </subfield>
    <subfield code="p">2024-0425</subfield>
    <subfield code="r">2024-04-01 09:33:48</subfield>
    <subfield code="w">2024-04-01</subfield>
    <subfield code="y">KHB</subfield>
  </datafield>
</record>
